| 000 | 01243cab a2200217 4500 | ||
|---|---|---|---|
| 001 | X325 | ||
| 008 | 090401t1992 xxu||||| |||| 00| 0 eng d | ||
| 035 | _a(Sirsi) u65115 | ||
| 041 | _aeng | ||
| 245 | _aS.B. Property Co Ltd v Chelsea Football and Athletic Co Ltd | ||
| 260 | _c1992 | ||
| 350 | _a0 | ||
| 490 |
_aProperty and Compensation Reports _v(1992) 64 P&CR 440-451(12) |
||
| 520 | _aCA 2 April 1992. Lease by property holding company to sports club - Specified time for company to find developer - Option to purchase given to club where no developer found - Company finding developer three days before expiry time - Club subsequently exercising option - Company challenging exercise of option - Delay in determining property price - company subsequently accepting exercise of option - Fall in property market resulting in loss to club - Whether club entitled to damages - Whether term to be implied into lease that company would not do anything which would delay determination of value of property - Specific performance. (Taken from case) | ||
| 650 | _aFOOTBALL CLUB | ||
| 650 |
_aLANDLORD AND TENANT _96252 |
||
| 650 | _aPROPERTY MARKET VALUES | ||
| 690 | _aLANDLORD AND TENANT-CASE LAW | ||
| 942 | _n0 | ||
| 948 | _c04/03/1997 | ||
| 999 |
_c40589 _d40589 |
||